000 00618nam a2200181 a 4500
008 120416s1986 ||||||||||||||||| || u
020 _a0566025701
050 _aHD 7165 Tou
100 _aToulson, Norman, 1920-
245 1 0 _aPensions for the self-employed
260 _aAldershot
_bGower
_c1986
300 _avii, 174p. : ill
350 _a0.00
500 _aIncludes index.
650 _aSelf-employed--Pensions--Great Britain
650 _aGOVERNMENT
995 _D0.00
_FCBU-MAIN LIBRARY (Kitwe)
_H1
_I0.00
_M1
_UAVAILABLE
_ZMain Library Open Access Collection
999 _c53280
_d53280